|
|
|
|
| LEADER |
00635nam a22001697a 4500 |
| 008 |
180409b xxu||||| |||| 00| 0 eng d |
| 999 |
|
|
|c 22003
|d 22003
|
| 020 |
|
|
|a 9789384082062l
|
| 082 |
|
|
|a 954.0317
|b DAS
|
| 100 |
|
|
|a Dasgupta, Sabyasachi
|
| 245 |
|
|
|a In defence of honour and justice :
|b Sepoy rebellions in the nineteenth century /
|c Sabyasachi Dasgupta
|
| 250 |
|
|
|a 1st ed.
|
| 260 |
|
|
|a Delhi :
|b Primus Books,
|c 2015.
|
| 300 |
|
|
|a 143p.
|
| 650 |
|
|
|a Colonial armies
|
| 942 |
|
|
|2 ddc
|c BK
|
| 952 |
|
|
|0 0
|1 0
|2 ddc
|4 0
|6 954_031700000000000_DAS
|7 0
|9 30520
|a MAIN
|b MAIN
|d 2018-04-09
|e Calicut Books
|g 795.00
|o 954.0317 DAS
|p 28705
|r 2018-04-09
|t 1
|w 2018-04-09
|y BK
|